Central Library OPAC University of Rajshahi
Normal view MARC view

Entry Topical Term

Number of records used in: 2

001 - CONTROL NUMBER

  • control field: 9944

003 - CONTROL NUMBER IDENTIFIER

  • control field: BD-RjUL

005 - DATE AND TIME OF LATEST TRANSACTION

  • control field: 20231105173313.0

008 - FIXED-LENGTH DATA ELEMENTS

  • fixed length control field: 231105|| aca||aabn | a|a d

040 ## - CATALOGING SOURCE

  • Original cataloging agency: BD-RjUL
  • Transcribing agency: BD-RjUL

150 ## - HEADING--TOPICAL TERM

  • Topical term or geographic name entry element: Writing skills
  • General subdivision: Rhetoric in english

670 ## - SOURCE DATA FOUND

  • Source citation: Work cat.: (BD-RjUL)82254: Bhowmik, Samyasathee 9943, Strategies and effectiveness of teaching writing skills of English at the SSC and O Levels : , 2014